| 000 | 00000nam##2200000za#4500 |
| 001 | 9.693540 |
| 003 | CaOODSP |
| 005 | 20210624233718 |
| 007 | cr ||||||||||| |
| 008 | 150407|1997||||xxc|||||o f|0| 0 eng|d |
| 040 | |aCaOODSP|beng |
| 043 | |an-cn--- |
| 086 | 1 |aA42-70/3-1997E-PDF |
| 110 | 1 |aCanada. |bAgriculture and Agri-Food Canada. |
| 245 | 10|aBiodiversity initiatives : |h[electronic resource]|bCanadian agricultural producers / |cby Joyce Greenfield and Nicole Richer. |
| 260 | |aOttawa - Ontario : |bAgriculture and Agri-Food Canada |c1997. |
| 300 | |a70p. |
| 500 | |a"Activities affecting ecosystem biodiversity, specific plant and animal species, and genetic resources are profiled, in addition to non-regulatory guidelines intended to assist producers implementing environmentally sustainable agricultural practices."--Page 1. |
| 500 | |aThe catalogue number (A42-70/3-1997E) and ISBN (0-662-25109-1) for the print edition have been incorrectly copied in this electronic publication. -- "Implementing the Canadian Biodiversity Strategy". |
| 504 | |aBibliography. |
| 520 | 3 |aActivities affecting ecosystem biodiversity, specific plant and animal species, and genetic resources are profiled, in addition to non-regulatory guidelines intended to assist producers implementing environmentally sustainable agricultural practices.--Page 1 |
| 590 | |a10-05-Supp|b2010-07-20 |
| 690 | 07|aBiological diversity|2gcpds |
| 720 | 1 |aGreenfield, Joyce |
| 720 | 1 |aRicher, Nicole |
| 775 | 08|tProjets sur la biodiversité : |w(CaOODSP)9.637716 |
| 776 | 0#|tBiodiversity initiatives: Canadian agricultural producers / |w(CaOODSP)9.646357 |
| 856 | 40|ahttp://publications.gc.ca|qPDF|s1.64 MB|uhttps://publications.gc.ca/collections/Collection/A42-70-3-1997E.pdf |